| 000 | 00849cam a22002414a 4500 | ||
|---|---|---|---|
| 001 | 000003442 | ||
| 003 | DO-SdBNP | ||
| 005 | 20220808155425.0 | ||
| 007 | ta | ||
| 008 | 011127s2001 mx 001 0 spa | ||
| 040 |
_aDO-SdBNP _bspa _cBNPHU |
||
| 082 | 4 |
_aPR861.62 _bM433p _222 |
|
| 100 | 1 |
_aMatos Paoli, Francisco, _d1915-2000 _99173 |
|
| 245 | 1 | 0 |
_aPedro Albizu Campos, piedra de Puerto Rico / _cFrancisco Matos Paoli ; Recopilación y ordenación Isabel Freire de Matos. |
| 260 |
_aMéxico : _bFrente de Afirmación Hispanista, _c2001. |
||
| 300 |
_axxv, 283 p. ; _c23 cm. |
||
| 600 | 1 | 4 |
_aAlbizu Campos, Pedro, _d1891-1965 _xCrítica e interpretación _910729 |
| 650 | 4 |
_aPoesía puertorriqueña _91015 |
|
| 650 | 4 |
_aLiteratura puertorriqueña _9250 |
|
| 700 | 1 |
_aFreire de Matos, Isabel, _d1915-2005 _910730 |
|
| 910 | _aDG | ||
| 942 |
_2ddc _cLBS1 |
||
| 999 |
_c3272 _d3272 |
||